Soccer Positions Quiz - Statistics

General Stats
  • This quiz has been taken 2,032 times
  • The average score is 16 of 17
Answer Stats
Hint Answer % Correct
GK Goalkeeper
100%
LB Left-Back
98%
RB Right-Back
98%
CB Center-Back
97%
LW Left Winger
97%
RW Right Winger
97%
LM Left Midfielder
95%
RM Right Midfielder
95%
LWB Left Wing-Back
92%
RWB Right Wing-Back
92%
CM Center Midfielder
91%
ST Striker
91%
LF Left Forward
90%
RF Right Forward
90%
CF Center Forward
88%
CAM Central Attacking Midfielder
83%
CDM Central Defensive Midfielder
83%
No matching quizzes found
Score Distribution
Percent of People with Each Score
Percentile by Number Answered
Your Score History
You have not taken this quiz